000 00816nam a22002537a 4500
008 130821s2005 xxu gr eng
020 _a0721673198
040 _aCo-BoUCM
_bspa
041 0 0 _aeng
060 _aWE 17
_25
100 1 _aLoré, John M.
_9171396
245 1 3 _aAn atlas of head and neck surgery
_cJohn M. Loré ; il.Robert Wabnitz
250 _a4a. Ed.
260 _aFiladelfia (Pensilvania, Estados Unidos)
_bSaunders
_c2005
300 _axlvii, 1419 páginas
504 _aiNcluye referencias bibliográficas e índice.
650 0 4 _aAnatomía
_99026
650 0 4 _aCabeza
_xCirugía
_vAtlas
_910262
650 0 4 _aCirugía
_97407
650 0 4 _aCuello
_xCirugía
_vAtlas
_912239
650 0 4 _aOrtopedia
_926544
700 1 _aWabnitz, Robert.
_9171397
942 _cLIBRO
_a15
_e4
_m4a.
_2NLM
_hWE 17
999 _c90022
_d90022